| 000 | 00830nam a2200253 a 4500 | ||
|---|---|---|---|
| 001 | 50235 | ||
| 003 | BD-RjUL | ||
| 005 | 20211209075458.0 | ||
| 008 | 160824m19511943ii a b 001 0 eng | ||
| 035 | _a(BD-RjUL)50355 | ||
| 040 |
_aDLC _cDLC _beng _dBD-RjUL |
||
| 041 | _aeng | ||
| 082 |
_223 _a371.2 _bNUH 1951 |
||
| 100 | 1 |
_aNurullah, Syed _9150576 |
|
| 245 | 1 | 2 |
_aA history of education in India : _bduring the British period / _cSyed Nurullah and J.P. Naik ; with a foreword by Zakir Husain |
| 250 | _a2nd ed.(rev. and enl.) | ||
| 260 |
_aBombay : _bMacmillan & Co., _c1951 |
||
| 300 |
_axxiii, 953 p. : _bill ; _c22 cm. |
||
| 504 | _aIncludes bibliographical references and index. | ||
| 650 | 0 |
_aEducation _zIndia _xHistory. _9119570 |
|
| 700 | 1 |
_aNaik, J. P. _9150577 |
|
| 700 | 1 |
_aHusain, Zakir _9132832 |
|
| 942 |
_2ddc _cBK |
||
| 999 |
_c50235 _d50235 |
||